[Event "SVK-chT rapid"]
[Site "Poprad"]
[Date "2025.??.??"]
[Round "3.28"]
[White "Kucej, Robert"]
[Black "Zahorsky, Robert"]
[Result "0-1"]
[WhiteElo "1803"]
[BlackElo "1919"]
[PlyCount "76"]
[EventDate "2025.05.04"]
[EventType "team-swiss (rapid)"]
[EventRounds "7"]
[EventCountry "SVK"]
[SourceTitle "CB19_2025"]
[SourceDate "2025.05.07"]
[SourceVersion "1"]
[SourceVersionDate "2025.05.07"]
[SourceQuality "1"]

1. e4 c6 2. c4 d5 3. cxd5 cxd5 4. e5 Nc6 5. d4 Bf5 6. a3 e6 7. Nf3 Bg4 8. Be2 Nge7 9. 0-0 Qb6 10. Nbd2 Nf5 11. Nb3 Bxf3 12. Bxf3 Nfxd4 13. Nxd4 Qxd4 14. Qe2 Qxe5 15. Qb5 Qc7 16. Be3 Bd6 17. g3 0-0 18. Rac1 Qe7 19. Rfe1 a6 20. Qe2 Ne5 21. Bg2 Nc4 22. Bd4 Qg5 23. Qd3 Qg6 24. Qb3 b5 25. Qc3 Rac8 26. Re2 e5 27. Bxe5 h6 28. Bxd6 Nxd6 29. Qe1 Rxc1 30. Qxc1 Rc8 31. Qe1 Qg5 32. f4 Qf5 33. Re5 Qc2 34. Rxd5 Qc7 35. Qd1 Qb6+ 36. Kh1 Nc4 37. b4 Ne3 38. Qd4 Nxd5 0-1

[Event "SVK-chT rapid"]
[Site "Poprad"]
[Date "2025.??.??"]
[Round "2.20"]
[White "Kudela, Oliver"]
[Black "Kucej, Robert"]
[Result "0-1"]
[WhiteElo "1892"]
[BlackElo "1803"]
[PlyCount "64"]
[EventDate "2025.05.04"]
[EventType "team-swiss (rapid)"]
[EventRounds "7"]
[EventCountry "SVK"]
[SourceTitle "CB19_2025"]
[SourceDate "2025.05.07"]
[SourceVersion "1"]
[SourceVersionDate "2025.05.07"]
[SourceQuality "1"]

1. e4 e5 2. Bc4 Nc6 3. Nf3 Be7 4. Nc3 Nf6 5. 0-0 0-0 6. a4 d6 7. d3 Bg4 8. h3 Bh5 9. g4 Nxg4 10. hxg4 Bxg4 11. Be3 Kh8 12. Kg2 f5 13. d4 fxe4 14. Nxe4 Bxf3+ 15. Qxf3 Rxf3 16. Kxf3 d5 17. Bd3 dxe4+ 18. Bxe4 exd4 19. Bf4 Bd6 20. Bd2 Qf6+ 21. Ke2 Re8 22. f3 Bf4 23. Rh1 Bxd2 24. Kxd2 Qg5+ 25. Kd3 Qe3+ 26. Kc4 Ne5+ 27. Kb4 c5+ 28. Kb5 Nxf3 29. Bxh7 a6+ 30. Ka5 b6+ 31. Kxb6 Rb8+ 32. Kxa6 Qe6+ 0-1